Didactica General/ (Registro nro. 8546)

Detalles MARC
000 -LEADER
fixed length control field 01554nam a2200217Ia 4500
005 - FECHA Y HORA DE LA ÚLTIMA TRANSACCIÓN
control field 20230724153705.0
008 - FIXED-LENGTH DATA ELEMENTS--GENERAL INFORMATION
fixed length control field 230712s9999 xx 000 0 und d
020 ## - INTERNATIONAL STANDARD BOOK NUMBER
International Standard Book Number 8420534528
040 ## - CATALOGING SOURCE
Original cataloging agency UPAN
Transcribing agency Biblioteca San Vicente
Description conventions RCAA2
041 ## - LANGUAGE CODE
Language code of text/sound track or separate title spa
082 ## - DEWEY DECIMAL CLASSIFICATION NUMBER
Classification number 370
Item number M335d
año de publicación 2002
100 ## - MAIN ENTRY--PERSONAL NAME
Personal name Medina Rivilla, Antonio
Relator code aut.
245 #0 - TITLE STATEMENT
Title Didactica General/
Remainder of title Antonio Medina Rivilla
250 ## - EDITION STATEMENT
Edition statement 1° ed.
260 ## - PUBLICATION, DISTRIBUTION, ETC. (IMPRINT)
Place of publication, distribution, etc Madrid:
Name of publisher, distributor, etc Pearson educacion,
Date of publication, distribution, etc 2002
300 ## - PHYSICAL DESCRIPTION
Extent 435 p.;
Dimensions 24 cm.
505 ## - FORMATTED CONTENTS NOTE
Formatted contents note Parte I. Fundamentación <br/>1. La didáctica: disciplina pedagógica aplicada<br/>2. Enfoques, teorías y modelos de la didáctica<br/>3. Investigación en didáctica y desarrollo del conocimiento práctico<br/>Parte II. Estructura y planificación del proceso didáctico<br/>4. El diseño didáctico: objetivos y fines<br/>5. Los contenidos en el proceso didáctico<br/>6. Metodología de la acción didáctica <br/>7. Los medios y recursos en el proceso didáctico <br/>Parte III. Enfoques en la acción didáctica<br/>8. Enfoque didáctico para la globalización y la interdisciplinaridad <br/>9. Enfoque didáctico para la individualización<br/>10. Enfoque didáctico para la socialización <br/>11. La evaluación. Principios, modelos y ámbitos <br/>12. Modelos y técnicas de evaluación didáctica<br/>Parte IV. Innovación y cultura profesional<br/>13. Indagación e innovación en didáctica<br/>14. Cultura e iniciación profesional del docente <br/>15. La escuela y el currículo intercultural
650 ## - SUBJECT ADDED ENTRY--TOPICAL TERM
Source of heading or term LEMB
General subdivision Enseñanza
700 ## - ADDED ENTRY--PERSONAL NAME
Personal name Francisco Salvador Mata
Relator code col.
942 ## - ADDED ENTRY ELEMENTS (KOHA)
Koha item type Libros
Source of classification or shelving scheme Dewey Decimal Classification
Existencias
Withdrawn status Lost status Source of classification or shelving scheme Damaged status Not for loan Collection code Home library Current library Date acquired Total Checkouts Full call number Barcode Date last seen Copy number Price effective from Koha item type
    Dewey Decimal Classification     Colección General Biblioteca UPAN San Vicente Biblioteca UPAN San Vicente 12/07/2023   370 M335d 12003314 12/07/2023 01 12/07/2023 Libros
    Dewey Decimal Classification     Colección General Biblioteca UPAN San Vicente Biblioteca UPAN San Vicente 12/07/2023   370 M335d 12003312 24/07/2023 02 12/07/2023 Libros
    Dewey Decimal Classification     Colección General Biblioteca UPAN San Vicente Biblioteca UPAN San Vicente 12/07/2023   370 M335d 12003313 24/07/2023 03 12/07/2023 Libros